| 000 | 00988nam a22003137a 4500 | ||
|---|---|---|---|
| 003 | CHAP | ||
| 005 | 20220329141230.0 | ||
| 008 | 971010s1975 r 00010 d | ||
| 010 | _a64812 | ||
| 011 | _a65784 | ||
| 035 | _a73159 | ||
| 040 | _cCHAP | ||
| 082 |
_a634.9285 _bA8 |
||
| 100 | 0 | 0 |
_aAvery, Thomas Eugene. _98586 |
| 245 | _aForest measurements | ||
| 260 |
_aNew York : _bMcGraw-Hill, _c1975 |
||
| 300 | _a325 p | ||
| 590 |
_aBATCH-UPD _b10 _c20130110 _lUCH01 _h1743 |
||
| 590 |
_aBATCH-UPD _b10 _c20130410 _lUCH01 _h1122 |
||
| 590 |
_aBATCH-UPD _b10 _c20130914 _lUCH01 _h0717 |
||
| 590 |
_aCONVERSION _b10 _c20130109 _lUCH01 _h1335 |
||
| 650 | 1 | 4 |
_aBosques _xInventarios. _914240 |
| 650 | 1 | 4 |
_aBosques _xValoración. _914409 |
| 901 | _aBK | ||
| 942 | _cLIBRO | ||
| 949 |
_a634.9285 A8 _bBC _cLIBRO _d33724000246963 _eLIBRO _h29669 _i73159 _si |
||
| 949 |
_a634.9285 A8 _bDCF _cLIBRO _d-5927 _eLIBRO _h4104 _i73159 _si |
||
| 949 |
_a634.9285 A8 _bDCF _cLIBRO _d-59452 _eLIBRO _fc.2 _h4105 _i73159 _si |
||
| 999 |
_c64812 _d64812 |
||